[Event "Porto Alegre op"]
[Site "Porto Alegre"]
[Date "2012.09.07"]
[Round "2"]
[White "Cantini, Dirney Paulo"]
[Black "Menna Barreto, Felipe Kubiaki"]
[Result "0-1"]
[WhiteElo "1878"]
[BlackElo "2252"]
[PlyCount "100"]
[EventDate "2012.09.06"]
[EventType "swiss"]
[EventRounds "7"]
[EventCountry "BRA"]
[SourceTitle "CBM 150 Extra"]
[Source "ChessBase"]
[SourceDate "2012.10.19"]
[SourceVersion "1"]
[SourceVersionDate "2012.10.19"]
[SourceQuality "1"]

1. e4 c6 2. d4 d5 3. e5 Bf5 4. Ne2 e6 5. Ng3 Bg6 6. Bd3 c5 7. c3 Nc6 8. a3 Qb6 9. Ne2 a5 10. h4 Bxd3 11. Qxd3 h5 12. Nd2 Nge7 13. Nf3 Nf5 14. Rb1 a4 15. Ng3 Nxg3 16. fxg3 Qa6 17. Qxa6 Rxa6 18. b4 axb3 19. Rxb3 b6 20. 0-0 Be7 21. Be3 c4 22. Rb5 Na7 23. Rbb1 b5 24. Ra1 0-0 25. Rf2 Nc6 26. Rb2 b4 27. cxb4 Bxb4 28. Rab1 Rxa3 29. Bc1 Rd3 30. Kf2 Bc3 31. Rb7 Bxd4+ 32. Nxd4 Nxd4 33. Bg5 Nb3 34. Rb2 Ra8 35. Rc7 Ra1 36. Be3 Rdd1 37. Kf3 Rf1+ 38. Rf2 d4 39. Bg5 c3 40. Rxf1 Rxf1+ 41. Ke2 Rg1 42. Kf2 Ra1 43. Kf3 Nd2+ 44. Ke2 Ne4 45. Bf4 f5 46. exf6 gxf6 47. Kd3 Nf2+ 48. Ke2 Ra2+ 49. Kf3 e5 50. Bh6 Ng4 0-1

[Event "Porto Alegre op"]
[Site "Porto Alegre"]
[Date "2012.09.07"]
[Round "3"]
[White "Patroclo, Arthur Ruiz"]
[Black "Cantini, Dirney Paulo"]
[Result "1-0"]
[WhiteElo "2132"]
[BlackElo "1878"]
[PlyCount "58"]
[EventDate "2012.09.06"]
[EventType "swiss"]
[EventRounds "7"]
[EventCountry "BRA"]
[SourceTitle "CBM 150 Extra"]
[Source "ChessBase"]
[SourceDate "2012.10.19"]
[SourceVersion "1"]
[SourceVersionDate "2012.10.19"]
[SourceQuality "1"]

1. e4 g6 2. d4 Bg7 3. Nc3 c5 4. Be3 cxd4 5. Bxd4 e5 6. Bc5 Ne7 7. Nf3 Nbc6 8. Qd2 0-0 9. h4 b6 10. Be3 f5 11. Bh6 fxe4 12. Bc4+ Kh8 13. Bxg7+ Kxg7 14. Ng5 Nd4 15. h5 h6 16. Ngxe4 d5 17. hxg6 Rf4 18. Ng3 Bg4 19. Be2 Qd7 20. Bxg4 Qxg4 21. Nh5+ Kxg6 22. Nxf4+ exf4 23. Qxd4 Rd8 24. f3 Qe6+ 25. Kf2 Nf5 26. Qxf4 Qc6 27. Rae1 Qc5+ 28. Kf1 Rd6 29. Re5 Nd4 1-0